000 00568nam a2200217Ia 4500
008 160209s9999||||xx |||||||||||||| ||und||
082 _aXV B/Skt. Reaserach
082 _bBORI-80909
245 _aSanskrit Research And Modern Challenges
260 _bA. Balakrishnan
300 _aXXXV+265
300 _cB
300 _ePaperback
300 _fRef
530 _u00084003.pdf
630 _aSanskrit Research And Modern Challenges
650 _aProceedings
650 _aReference
730 _aSanskrit Research And Modern Challenges
942 _cBOOK
999 _c1355715
_d1355712